Statystyki dla 15 krajów o największej liczbie zgonów Covid19 - 3 września

Kliknij tutaj aby rozwiązać quiz!

Ogólne statystyki

  • Ten quiz został rozwiązany 21 razy
  • Średni wynik to 11 z 19

Statystyki odpowiedzi

kraj% Poprawnych
Francja
95%
Stany Zjednoczone
95%
Hiszpania
90%
Rosja
90%
Włochy
86%
Brazylia
76%
Indie
76%
Wielka Brytania
76%
Meksyk
71%
Republika
Południowej Afryki
62%
Kolumbia
43%
Chile
38%
Iran
33%
Szwecja
33%
Ekwador
29%
Peru
29%
Belgia
14%
Boliwia
14%
Panama
5%

Rozkład punktacji

Percentyl według liczby udzielonych odpowiedzi

Procent ludzi z każdym wynikiem

Twoja historia wyników

Nie rozwiązałeś tego quizu